Answers in the clue - Countries - Statistics

General Stats
  • This quiz has been taken 27 times
  • The average score is 3 of 8
Answer Stats
Hint Answer % Correct
If you're a lover of rich food, this country is home of the hamburger, many varieties of confectionary and cake, and some of the best beers in the world Germany
90%
This luxurious country is ideal for a relaxing stay at a fancy health spa in the sunny countryside, or a grand hotel in one of its many vibrant cities Spain
48%
If you'd like to go to a country with a hot climate, interesting culture and that's cheap to live, try this African country Togo
43%
This mountainous country is home to many unique species of bug and a habitat for the very rare Mountain Gorilla Uganda
43%
You can get very near this country by aeroplane and/or railway line, but not actually into the country itself since it has no airport or train station Andorra
38%
In this country you'll find plenty of mountains and lakes to explore if inland and up north, but the areas closer to the southern coast are much flatter and smoother Finland
38%
This country is immensely rich in all aspects, including culture, history, cuisine and art, but perhaps most of all, in its natural beauty China
29%
Though historically in this country, life was much more difficult if you were a woman, things have improved somewhat in recent years and are still improving all the time Oman
14%
No matching quizzes found
Score Distribution
Percent of People with Each Score
Percentile by Number Answered
Your Score History
You have not taken this quiz